The private life of Warren Hastings, (Record no. 553210)
[ view plain ]
| 000 -LEADER | |
|---|---|
| fixed length control field | 00512cam a22001331 4500 |
| 082 ## - DEWEY DECIMAL CLASSIFICATION NUMBER | |
| Classification number | 923.154 |
| Author Mark | LAW |
| 100 1# - MAIN ENTRY--PERSONAL NAME | |
| Personal name | Lawson, Charles, |
| 9 (RLIN) | 50473 |
| 245 04 - TITLE STATEMENT | |
| Title | The private life of Warren Hastings, |
| Remainder of title | first govenor-general of India; |
| Statement of responsibility, etc. | by Sir Charles Lawson. |
| 260 ## - PUBLICATION, DISTRIBUTION, ETC. | |
| Place of publication, distribution, etc. | London, |
| Name of publisher, distributor, etc. | S. Sonnenschein & co.; |
| Place of publication, distribution, etc. | New York, |
| Name of publisher, distributor, etc. | Macmillan & co., |
| Date of publication, distribution, etc. | 1895. |
| 300 ## - PHYSICAL DESCRIPTION | |
| Extent | [iii]-viii, 254 p. |
| Other physical details | front., illus., plates (1 fold.) ports., facsims. |
| Dimensions | 22 cm. |
| 526 ## - STUDY PROGRAM INFORMATION NOTE | |
| Program name | 0 |
| Interest level | 0 |
| Reading level | 0 |
| Title point value | 923_154000000000000_LAW |
| 650 ## - SUBJECT ADDED ENTRY--TOPICAL TERM | |
| Topical term or geographic name entry element | MCE |
| 9 (RLIN) | 379 |
| 942 ## - ADDED ENTRY ELEMENTS (KOHA) | |
| Source of classification or shelving scheme | |
| Koha item type | Book |
| Withdrawn status | Lost status | Source of classification or shelving scheme | Damaged status | Not for loan | Permanent Location | Current Location | Shelving location | Date acquired | Total Checkouts | Full call number | Barcode | Date last seen | Price effective from | Koha item type |
|---|---|---|---|---|---|---|---|---|---|---|---|---|---|---|
| Military College of Engineering (MCE) | Military College of Engineering (MCE) | 02/02/2015 | 923.154 LAW | MCE-ECP/42 | 02/02/2015 | 02/02/2015 | Book |
